Kannaḍa sāhityada itihāsa. (Record no. 68217)

MARC details
000 -LEADER
fixed length control field 00626cam a22002411 4500
001 - CONTROL NUMBER
control field sa 66002205
003 - CONTROL NUMBER IDENTIFIER
control field DLC
005 - DATE AND TIME OF LATEST TRANSACTION
control field 20260227112227.0
008 - FIXED-LENGTH DATA ELEMENTS--GENERAL INFORMATION
fixed length control field 900116s1963 ii b 000 0 kano
010 ## - LIBRARY OF CONGRESS CONTROL NUMBER
LC control number sa 66002205
035 ## - SYSTEM CONTROL NUMBER
System control number (OCoLC)20908733
040 ## - CATALOGING SOURCE
Original cataloging agency DLC
Transcribing agency WaU
Modifying agency DLC
042 ## - AUTHENTICATION CODE
Authentication code premarc
043 ## - GEOGRAPHIC AREA CODE
Geographic area code a-ii---
050 00 - LIBRARY OF CONGRESS CALL NUMBER
Classification number PL4650
Item number .M82
100 1# - MAIN ENTRY--PERSONAL NAME
Personal name Mugali, Rām. Śrī.
Dates associated with a name 1906-1993.
245 10 - TITLE STATEMENT
Title Kannaḍa sāhityada itihāsa.
260 ## - PUBLICATION, DISTRIBUTION, ETC.
Date of publication, distribution, etc. [1963]
300 ## - PHYSICAL DESCRIPTION
Extent 288 p.
Dimensions 22 cm.
500 ## - GENERAL NOTE
General note In Kannada.
504 ## - BIBLIOGRAPHY, ETC. NOTE
Bibliography, etc. note Bibliography: p.[285]-288.
650 #0 - SUBJECT ADDED ENTRY--TOPICAL TERM
Topical term or geographic name entry element Kannada literature
General subdivision History and criticism.

No items available.

Powered by Koha